000 00703nam a2200265Ia 4500
003 OSt
005 20221007103607.0
006 a|||||r|||| 00| 0
007 ta
008 221006b |||||||| |||| 00| 0 eng d
020 _a0852242573
024 _a13,546
037 _cTextual
040 _aLCO
_cLCO
_beng
041 _2eng
_aeng
082 _aYObZ5, L4
100 _aStein Peter
_9685052
245 0 _aLegal Values in Western Society
260 _aEdinburgh
_bEdinburgh University Press U.S.A.
_c1974
300 _a280
650 _aLEGAL VALUES
_9705303
700 _a Shand John
942 _hYObZ5, L4
_cTEXL
999 _c1183109
_d1183109